000 00973nam a2200229 a 4500
005 20160120054449.0
008 160120t2001 cl d fr|||| 100 0 spa d
020 _a9213219415
040 _aCO-BoIAVH
_cCO-BoIAVH
041 0 _aspa
044 _acl
082 0 4 _a622.48
_bR93q
111 2 _aConferencia Interparlamentaria de Minería y Energía para América Latina
_cSantigo de Chile
_djulio 18-20, 2001
_n5
245 1 0 _aQuinta conferencia interparlamentaria de minería y energía para América Latina (COME 2001) /
_c Naciones Unidas, Comisión Económica para América Latina y el Caribe; Relatora Ariela Ruiz Caro
260 _aSantiago de Chile :
_bComisión Económica para América Latina y el Caribe,
_c2001.
300 _a91 páginas :
_bGráficos ;
_c28 x 21 cm.
650 6 _aMinería
650 6 _aEnergía eléctrica
650 4 _aSuministro energético
700 1 _aRuiz Caro, Ariela
_eRelatora
942 _cLIBRO
_2ddc
999 _c5761
_d5761